| 000 | 01305cam a22003737a 4500 | ||
|---|---|---|---|
| 003 | CHAP | ||
| 005 | 20220329141606.0 | ||
| 008 | 971013s1975 r 00010 d | ||
| 010 | _a70638 | ||
| 011 | _a71610 | ||
| 035 | _a81164 | ||
| 040 | _cCHAP | ||
| 082 |
_a631.49724 _bA4 |
||
| 100 | 0 | 0 |
_aAeppli, Hans. _91011 |
| 245 | 1 | 4 | _aLos suelos de la cuenca de Puebla-Tlaxcala; investigaciones acerca de su formación y clasificación |
| 260 |
_aWeisbaden : _bFranz Steiner Verlag GMBH, _c1975 |
||
| 300 |
_a153 p. _b: ilus. : láms ; mapa |
||
| 490 | 0 |
_aProyecto México _v; 8 |
|
| 590 |
_aBATCH-UPD _b10 _c20130110 _lUCH01 _h0503 |
||
| 590 |
_aBATCH-UPD _b10 _c20130410 _lUCH01 _h0141 |
||
| 590 |
_aBATCH-UPD _b10 _c20130913 _lUCH01 _h1940 |
||
| 590 |
_aCONVERSION _b10 _c20130109 _lUCH01 _h1339 |
||
| 650 | 1 | 4 |
_aSuelos _xClasificación. _9110239 |
| 650 | 1 | 4 |
_aSuelos _xFormación. _9110377 |
| 650 | 1 | 4 |
_aSuelos _xPuebla. _9110466 |
| 650 | 1 | 4 |
_aSuelos _zTlaxcala. _9110529 |
| 700 | 0 |
_aFundación Alemana para la Investigación Científica. _943967 |
|
| 700 | 0 |
_aSchonhals, Ernst. _9103133 |
|
| 790 | _aProyecto México de la Fundación Alemana | ||
| 830 | 0 |
_aProyecto México _v; 8 _992514 |
|
| 901 | _aBK | ||
| 942 | _cLIBRO | ||
| 949 |
_a631.49724 A4 _bBC _cLIBRO _d33724000080610 _eLIBRO _h38196 _i81164 _mD _si |
||
| 999 |
_c70638 _d70638 |
||